Statistics for Find your way quiz 1

Click here to take the quiz!

General Stats

  • This quiz has been taken 38 times
  • The average score is 16 of 20

Answer Stats

Hint Answer % Correct
2) Country in South America starting with the last letter of answer 1 ?Argentina
97%
1) Capital of Bulgaria?Sofia
94%
3) What metal gives it's name to answer 2?Silver
94%
4) If answer 3 is second what metal is first?Gold
94%
5) What is the periodic symbol for answer 4?Au
94%
6) Which country starts with answer 5 and borders Slovenia?Austria
94%
7) Which country is an anagram of answer 6 + al?Australia
94%
8) The largest populated city of answer 7 is?Sydney
91%
10) Which caribbean island begins with the first 2 letters of answer 9?Jamaica
91%
12) If in answer 11 we lose an M and gain a B what cereal grain do we see?Barley
88%
11) Which famous 'Bob' came from answer 10?Marley
88%
9) Which famous movie star, first name 'Hugh', was born in answer 8?Jackman
81%
13) What other cereal can we find from the 3rd, 5th and 6th letters of answer 12?Rye
72%
17) What country borders answer 16 and borders no other country?Denmark
72%
18) An autonomous region of answer 17 is the largest what in the world?Island
69%
16) Answer 15 was born in Siegen, Westphalia, a city in which country?Germany
66%
19) What answer 18 is shared by two countries in the caribbean?Hispaniola
63%
20) In 1665 Spain gave the western part of answer 19 to which country?France
59%
14) What famous sandwich is Corned Beef / Saurkraut / etc. on answer 13 bread?Reuben
50%
15) Take away the first E of answer 14 and add an S, and we have artist Peter Paul Who?Rubens
47%

Score Distribution

Percentile by Number Answered

Percent of People with Each Score

Your Score History

You have not taken this quiz